An A to Z of DNA science : (Record no. 330321)

000 -LEADER
fixed length control field 01270cam a22003014a 4500
001 - CONTROL NUMBER
control field 12440101
003 - CONTROL NUMBER IDENTIFIER
control field NUST
005 - DATE AND TIME OF LATEST TRANSACTION
control field 20170620124123.0
008 - FIXED-LENGTH DATA ELEMENTS--GENERAL INFORMATION
fixed length control field 010612s2001 nyua d 000 0 eng
010 ## - LIBRARY OF CONGRESS CONTROL NUMBER
LC control number 2001042138
020 ## - INTERNATIONAL STANDARD BOOK NUMBER
International Standard Book Number 0879696001
040 ## - CATALOGING SOURCE
Original cataloging agency DLC
Transcribing agency DLC
Modifying agency DLC
042 ## - AUTHENTICATION CODE
Authentication code pcc
050 00 - LIBRARY OF CONGRESS CALL NUMBER
Classification number QH427
Item number .W58 2001
082 00 - DEWEY DECIMAL CLASSIFICATION NUMBER
Classification number 611.01816 WIT
Edition number 21
100 1# - MAIN ENTRY--PERSONAL NAME
Personal name Witherly, Jeffre L.
9 (RLIN) 2939
245 13 - TITLE STATEMENT
Title An A to Z of DNA science :
Remainder of title what scientists mean when they talk about genes and genomes /
Statement of responsibility, etc. Jeffre L. Witherly, Galen P. Perry, Darryl L. Leja.
260 ## - PUBLICATION, DISTRIBUTION, ETC.
Place of publication, distribution, etc. Cold Spring Harbor, NY :
Name of publisher, distributor, etc. Cold Spring Harbor Laboratory Press,
Date of publication, distribution, etc. c2001.
300 ## - PHYSICAL DESCRIPTION
Extent ix, 125 p. :
Other physical details ill. ;
Dimensions 20 cm.
500 ## - GENERAL NOTE
General note P.B
650 #0 - SUBJECT ADDED ENTRY--TOPICAL TERM
Topical term or geographic name entry element Genetics
Form subdivision Dictionaries.
9 (RLIN) 2940
650 #0 - SUBJECT ADDED ENTRY--TOPICAL TERM
Topical term or geographic name entry element DNA
Form subdivision Dictionaries.
9 (RLIN) 2941
650 #0 - SUBJECT ADDED ENTRY--TOPICAL TERM
Topical term or geographic name entry element Genes
Form subdivision Dictionaries.
9 (RLIN) 2942
650 #0 - SUBJECT ADDED ENTRY--TOPICAL TERM
Topical term or geographic name entry element Genomes
Form subdivision Dictionaries.
9 (RLIN) 2943
700 1# - ADDED ENTRY--PERSONAL NAME
Personal name Perry, Galen P.
9 (RLIN) 2944
700 1# - ADDED ENTRY--PERSONAL NAME
Personal name Leja, Darryl L.
9 (RLIN) 2945
856 42 - ELECTRONIC LOCATION AND ACCESS
Materials specified Publisher description
Uniform Resource Identifier <a href="http://www.loc.gov/catdir/enhancements/fy1208/2001042138-d.html">http://www.loc.gov/catdir/enhancements/fy1208/2001042138-d.html</a>
906 ## - LOCAL DATA ELEMENT F, LDF (RLIN)
a 7
b cbc
c orignew
d 1
e ocip
f 20
g y-gencatlg
942 ## - ADDED ENTRY ELEMENTS (KOHA)
Source of classification or shelving scheme
Koha item type Book
Call number prefix IESE-1016
Holdings
Withdrawn status Lost status Source of classification or shelving scheme Damaged status Not for loan Collection code Permanent Location Current Location Shelving location Date acquired Total Checkouts Full call number Barcode Date last seen Price effective from Koha item type
            Institute of Environmental Science and Engineering (IESE) Institute of Environmental Science and Engineering (IESE) General Stacks 06/20/2017   611.01816 WIT IESE-1016 06/20/2017 06/20/2017 Book
© 2023 Central Library, National University of Sciences and Technology. All Rights Reserved.